Computer networks

Αποθηκεύτηκε σε:
Λεπτομέρειες βιβλιογραφικής εγγραφής
Κύριος συγγραφέας: Tanenbaum, Andrew S. 1944-
Μορφή: Βιβλίο
Γλώσσα:English
Δημοσίευση: Englewood Cliffs, N.J. : Prentice-Hall, c1981
Θέματα:
Ετικέτες: Προσθήκη ετικέτας
Δεν υπάρχουν, Καταχωρήστε ετικέτα πρώτοι!

MARC

LEADER 00000cam a2200000 i 4500
001 1/39672
008 971017s1981 eng d
020 |a 0131651838 
035 |l 10041066 
035 |a 1997  |c ΔΩΡΕΑ ΤΖΑΦΕΡΗ 
040 |a GR-MY-UA  |b gre  |e aacr 
041 0 |a eng 
082 0 |a 004.6 
100 1 |a Tanenbaum, Andrew S.  |d 1944- 
245 1 0 |a Computer networks /  |c Andrew S. Tanenbaum 
260 |a Englewood Cliffs, N.J. :   |b Prentice-Hall,   |c c1981 
300 |a xv, 517 p.;  |b ill.;  |c 24 cm. 
500 |a Bibliography: p. 493-507 
500 |a Includes index 
650 0 0 |a Computer networks. 
852 |a INST  |b SAMOS  |e 19971017  |h 004.6 TAN  |p 005300008715  |q 005300008715  |t BK  |y 0 
901 |a BIBL-1997-2 
909 |a Σ  |b 050555